| 000 -LEADER | |
|---|---|
| fixed length control field | 00336nam a22001217a 4500 |
| 050 ## - LIBRARY OF CONGRESS CALL NUMBER | |
| Classification number | P 23 car |
| 100 ## - MAIN ENTRY--AUTHOR NAME | |
| Personal name | CARDNER, Ele Starley |
| 245 ## - TITLE STATEMENT | |
| Title | The D. a. takes a chance: she walks above voice out of darkness |
| 260 ## - PUBLICATION, DISTRIBUTION, ETC. (IMPRINT) | |
| Place of publication | New York |
| Name of publisher | Detective Book Club |
| Year of publication | 1948 |
| 300 ## - PHYSICAL DESCRIPTION | |
| Number of Pages | 148p. |
| 700 ## - ADDED ENTRY--PERSONAL NAME | |
| Personal name | MCLLOY, Helen CURTISE, Ursuta |
| 942 ## - ADDED ENTRY ELEMENTS (KOHA) | |
| Koha item type | Books |
| Koha item type | Shelving location | Accession Number | Permanent Location | Current Location | Date acquired | Full call number |
|---|---|---|---|---|---|---|
| Books | Lending | 3327 | Chapman Library | Chapman Library | 2017-02-08 | P 23 car |

